| 000 | 01562cad a22002295a 4500 | ||
|---|---|---|---|
| 001 | L145201 | ||
| 008 | 080916e20080908xxk f f000 0 eng d | ||
| 035 | _a(Sirsi) u145201 | ||
| 041 | 0 | _aeng | |
| 050 | 0 | 4 | _a346.4104343 $2 18 |
| 110 | 2 |
_aUnited Kingdom _bDepartment for Environment, Food and Rural Affairs |
|
| 245 | 0 | 0 |
_aConsultation on the implementation of Part 2 of the Commons Act 2006 (commons councils) _h[electronic resource] |
| 260 |
_aLondon _bDEFRA _c2008 |
||
| 505 | 2 | _aConsultation letter -- List of consultees -- Consultation document -- Annexes: draft standard constitution for commons councils; model order x, establishment order for a small grouping of commons; model order y, establishment order for an 'umbrella' council; how to respond and summary of consultation questions; draft impact assessment | |
| 520 | _aConsultation paper seeks views on the implementation of Part 2 of the Commons Act 2006; allowing for commons councils that would have powers to manage agricultural activities; vegetation and commoners' rights. Primarily concerned with the establishment and operation of these councils, the authors seek opinions on striking a balance between requirements and local flexibility. All responses to the consultation must be received by 28 November 2008. | ||
| 521 | _aAdvanced | ||
| 590 | _aKA | ||
| 651 | 4 |
_aUnited Kingdom _y |
|
| 690 | _aPROPERTY-COMMONHOLD PROPERTY | ||
| 856 | 4 | 0 |
_uhttps://www.defra.gov.uk/corporate/consult/commons-act/index.htm _zView the item free of charge online at www.defra.gov.uk... |
| 942 | _n0 | ||
| 999 |
_c108725 _d108725 |
||